|
|
|
|
| LEADER |
00000naa2a2200000 4500 |
| 001 |
179187 |
| 005 |
20231031170244.0 |
| 035 |
|
|
|a (RuTPU)RU\TPU\book\194251
|
| 035 |
|
|
|a RU\TPU\tpu\5760
|
| 090 |
|
|
|a 179187
|
| 100 |
|
|
|a 20100416d1962 k y0rusy50 ca
|
| 101 |
0 |
|
|a rus
|
| 102 |
|
|
|a RU
|
| 200 |
1 |
|
|a Пермаллоевый магнетометр для прецизионного измерения мгновенного значения переменных магнитных полей
|f Г. М. Тумайкин
|
| 463 |
|
0 |
|0 (RuTPU)RU\TPU\book\171972
|t Тезисы докладов на IV межвузовской научной конференции по электронным ускорителям 13-17 февраля 1962 г.
|f Томский политехнический институт (ТПИ), Научно-исследовательский институт ядерной физики, электроники и автоматики (НИИ ЯФЭА)
|v С. 22
|d 1962
|p 64 с.
|
| 610 |
1 |
|
|a электронные ускорители
|
| 610 |
1 |
|
|a труды учёных ТПУ
|
| 700 |
|
1 |
|a Тумайкин
|b Г. М.
|
| 801 |
|
0 |
|a RU
|b 63413507
|c 20011210
|g PSBO
|
| 801 |
|
2 |
|a RU
|b 63413507
|c 20100416
|g PSBO
|
| 942 |
|
|
|c BK
|